Countries That Border the FIFA World Cup Winners - Statistics

General Stats
  • This quiz has been taken 25 times
  • The average score is 27 of 31
Answer Stats
# Answer % Correct
Brazil 1 Colombia
100%
Argentina, Brazil 2 Paraguay
100%
Germany, France, Italy 3 Switzerland
100%
Argentina, Brazil 2 Uruguay
100%
Spain, France 2 Andorra
96%
Brazil, Uruguay 2 Argentina
96%
Italy, Germany 2 Austria
96%
France, Germany 2 Belgium
96%
Argentina 1 Chile
96%
Brazil 1 Peru
96%
Brazil 1 Poland
96%
Germany 1 Portugal
96%
Argentina, Brazil 2 Bolivia
91%
France 1 Germany
91%
France, Germany 2 Luxembourg
91%
Italy 1 San Marino
91%
Brazil 1 Venezuela
91%
Germany 1 Czech Republic
87%
Germany 1 Denmark
87%
Germany, Spain, Italy, Brazil (French Guyana isn't a FIFA member, so it counts as a part of France) 4 France
87%
Brazil 1 Guyana
87%
Germany, France (Sint Maarten and Saint Martin aren't FIFA members, so they count as parts of the Netherlands and France) 2 Netherlands
87%
Italy 1 Slovenia
87%
Brazil, France (French Guyana isn't a FIFA member, so it counts as a part of France) 2 Suriname
87%
Argentina, Uruguay, France (French Guyana isn't a FIFA member, so it counts as a part of France) 3 Brazil
83%
France (Gibraltar is a FIFA member, so England doesn't count) 1 Spain
83%
France 1 Italy
78%
England 1 Scotland
74%
England 1 Wales
74%
Spain 1 Morocco
39%
Spain (Gibraltar counts separately because its national team is a FIFA member, unlike Monaco and the Vatican City) 1 Gibraltar
17%
No matching quizzes found
Score Distribution
Percent of People with Each Score
Percentile by Number Answered
Your Score History
You have not taken this quiz